00752nam a2200157Ia 4500008004100000100002900041245013600070245014700206260005300353260000900406300001000415650001500425856006200440999001900502952007300521170221s9999 xx 000 0 und d aDmitry Sergeevich Nardin aIncreasing Economic Efficiency of Producing Wheat in the West Siberia and South Ural as a Factor of Developing Import Substitution  cDmitry Sergeevich Nardin, Igor Aleksandrovich Bobrenko, Natalya Viktorovna Goman, Ekaterina Andreevna Vakalova, Svetlana Aleksandrovna Nardina bInternational Review of Management and Marketing c2012 a4 : 1 xMarketing. uhttp://www.econjournals.com/index.php/irmm/issue/view/118 c313998d313998 001040aCLbCLd2017-02-21l0r2017-02-21 00:00:00w2017-02-21yFOJ